Zavádzanie, udržiavanie a personálne zabezpečenie environmentálneho manažérskeho systému v podnikoch

Environmentálny manažment je dnes už neoddeliteľnou súčasťou celkového systému riadenia podniku. Rozšírenie EMS a EMAS na Slovensku. Vývoj počtu podnikov s certifikátom ISO 14001 v SR v rokoch 1996-2013. Environmentálny manažérsky systém podľa ISO 14001 a EMAS vo vzťahu k Európe a svetu. Environment...

Descripción completa

Guardado en:
Detalles Bibliográficos
Autor principal: Marečková, Zuzana
Otros Autores: Richnák, Patrik, 1988-
Formato: Capítulo de libro
Lenguaje:eslovaco
Materias:
Etiquetas: Agregar Etiqueta
Sin Etiquetas, Sea el primero en etiquetar este registro!

MARC

LEADER 00000nla a2200000 4500
001 0213351
005 20240502073544.6
041 0 |a slo 
044 |a SK 
245 1 0 |a Zavádzanie, udržiavanie a personálne zabezpečenie environmentálneho manažérskeho systému v podnikoch  |c Zuzana Marečková, Patrik Richnák 
520 |a Environmentálny manažment je dnes už neoddeliteľnou súčasťou celkového systému riadenia podniku. Rozšírenie EMS a EMAS na Slovensku. Vývoj počtu podnikov s certifikátom ISO 14001 v SR v rokoch 1996-2013. Environmentálny manažérsky systém podľa ISO 14001 a EMAS vo vzťahu k Európe a svetu. Environmentálny manažérsky systém a ľudské zdroje. 
610 2 0 |a podnik 
610 2 0 |a manažment environmentálny 
610 2 0 |a systémy environmentálne manažérske 
610 2 0 |a Slovensko 
100 1 |a Marečková, Zuzana 
700 1 |a Richnák, Patrik, 1988-